00812nam a2200193Ia 4500003000900000008004100009040001600050080001800066110004300084245023300127260005300360300001500413650002700428650002700455650001900482942000700501999001500508952009500523IN-BaIIA211028s9999 xx 000 0 eng d cIIA Library a081:5bINSA-I aIndian National Science Academy910909 0aProfiles in scientific research contributions of the fellowsbvol. 1, (mathematical sciences, physics, chemical sciences, engineering & technology and earth sciences)cIndian National Science Academy  aNew DelhibIndian National Science Academyc1986 axii, 841p. aBiography-INSA fellows aINSA fellows biography aNASA Thesaurus cBK c9543d9543 00104070aBANbBANcGENd0000-00-00l0o081:5/ INSA-Ip10453r2021-11-05w0000-00-00yBK